00507nam a2200145Ia 4500008004100000024001800041082001900059100005800078245001400136260002500150600002700175650003300202952010900235999001700344250506s9999 xx 000 0 und d aNot available a629.892072 MUR aMurtaza Mohammad Bhai, Mir Shahnawaz & Nabeel Qureshi 0aMille-Arm aKarachi:bUIT,c1996 aElectronic Engineering aBachelor of Engineering (BE) 001040708PR-EEaUITUbUITUd2022-07-26l0o629.892072 MURpEE-09r2025-05-06 11:34:11w2025-05-06yPR c27852d27852